00421 2200181 4500001002100000005001500021035002000036245002300056100001200079250000600091856004500097260003900142082000800181084001400189600001000203990001300213990001300226INLIS00000000000160120250423084542 a0010-04250000171 aSi Jalu /cSantosa0 aSantosa a1 aRuang Baca Umum No Klas 800 ( Rak 3,4,5) aJakarta :bPT. Dian Ariesta,c2002 a800 a800 SAN s 4aFiksi a03.20115 a03.20116